[Event "FRA-chT Gp-B"]
[Site "France"]
[Date "2003.04.03"]
[Round "4.3"]
[White "Shchekachev, Andrei"]
[Black "Schenk, Andreas"]
[Result "1/2-1/2"]
[WhiteElo "2572"]
[BlackElo "2478"]
[Annotator "Ribli,Z"]
[PlyCount "113"]
[EventDate "2003.01.31"]
[EventType "team"]
[EventRounds "7"]
[EventCountry "FRA"]
[SourceTitle "CBM 095"]
[Source "ChessBase"]
[SourceDate "2003.07.25"]
[SourceVersion "1"]
[SourceVersionDate "2003.07.25"]
[SourceQuality "1"]
[WhiteTeam "Montpellier"]
[BlackTeam "Bischwiller"]
[WhiteTeamCountry "FRA"]
[BlackTeamCountry "FRA"]

1. Nf3 Nf6 2. c4 e6 3. Nc3 d5 4. d4 dxc4 {Schwarz spielt die sogenannte Wiener
Variante des Damengambits. Im folgenden sehen wir lebendiges Figurenspiel und
einen scharfen taktischen Kampf.} 5. e4 Bb4 6. Bg5 c5 7. Bxc4 cxd4 8. Nxd4
Bxc3+ {Statt dieser Fortsetzung ist die ruhige Alternative - 8...Qa5 - auch
gut spielbar.} 9. bxc3 Qa5 10. Nb5 {Dieser Springerzug wird selten gespielt -
die Alternativen sind 10.Bb5+ und 10.Bxf6.} Nxe4 {Das ist die prinzipielle
Fortsetzung, aber die Alternative 10...a6 kommt auch in Betracht.} (10... a6 $5
11. Nd6+ Ke7 12. Qd2 Nc6 13. Rd1 Rd8 14. f4 $13 (14. O-O)) 11. Bf4 (11. Qd4 O-O
$1 12. Qxe4 a6 13. Be7 axb5 14. Bb4 Qc7 15. Bxf8 Kxf8 16. Bb3 Qxc3+ 17. Ke2
Qb2+ 18. Ke3 Qc3+ 19. Qd3 Qe5+ 20. Qe4 Qc3+ 21. Ke2 Qb2+ 22. Ke3 {1/2-1/2
Schandorff,L-Rasmussen,K/Horsens DEN 2003/(22)}) 11... O-O 12. O-O Nc6 (12...
Nd7 13. Re1 $1 $44 (13. Nc7 $6 e5 $17 14. Nxa8 exf4 {1-0 Karpov,A-Timman,J/NED/
INA 1993/CBM 36/[Ftacnik] (53)}) 13... Ndf6 14. a4 b6 15. f3 Nc5 16. Be5 {
1/2-1/2 Karpov,A-Piket,J/Monte Carlo 1999/CBM 70/[Ribli] (45)}) (12... Bd7 13.
a4 $5 (13. Bc7 b6 14. a4 a6 15. Ra2 axb5 16. axb5 Qxc3 17. Rxa8 Qxc4 18. Bd6
Nxd6 19. Qxd6 Qd5 {0-1 Epishin,V-Richter,M/Nova Gorica 2000/CBM 74 ext (41)})
13... Bc6 14. Qg4 (14. f3 Bxb5 15. axb5 Qb6+ 16. Qd4 Qxd4+ 17. cxd4 Nf6 18.
Rfc1 Nbd7 19. Bf1 Nd5 20. Bd6 Rfd8 21. Ra3 N7f6 22. Be5 {1/2-1/2 Nikolic,
P-Gelfand,B/Monte Carlo 1999/CBM 69 ext (26)}) 14... Nf6 15. Qe2 $44) 13. Qf3
$5 $146 {[%mdl 4] Auf diese Weise bringt Weiss die Dame ins Spiel. Weiss hat
aktives Figurenspiel und das Lauferpaar, was ausreichende Kompensation fuer
den Bauern darstellt.} (13. Bc7 b6 14. a4 {1/2-1/2 Khenkin,I-Schenk,A/France
2003/CBM 94(14)} (14. Qf3 f5 15. Rfe1 a6 {1/2-1/2 Epishin,V-Maksimenko,A/Graz
1998/EXT 99 (15)})) 13... e5 $6 (13... a6 $1 14. Qxe4 (14. Nc7 Nd2 {[%cal
Rd2c4,Rd2f3,Rd2f1]} 15. Bxd2 Qxc7 $15) 14... axb5 15. Bd3 f5 16. Qe1 (16. Qe3
Qxc3 $15) 16... Rd8 17. Bc2 $44) 14. Qxe4 exf4 15. Rfe1 $5 $36 {[%csl Gc4]
[%cal Ge1e8,Gb5d6,Gc4g8] Weiss hat aktives Figurenspiel und starke Kontrolle
ueber die e-Linie.} (15. Qxf4 Be6 16. Bxe6 fxe6 (16... Qxb5 17. Rab1 Qc5 $11)
17. Qc4 $14) 15... Be6 (15... Bd7 16. Nd6 $16) 16. Bxe6 (16. Bd3 g6 17. Qxf4
Rad8 18. Bf1 Rd7 $11) 16... Qxb5 17. Bd5 {[%csl Gd5,Rf4][%cal Gd5a8,Gd5g8] Der
d5B steht sehr aktiv und der f4P ist nicht zu verteidigen.} Rad8 (17... Qc5 $5
18. Rad1 (18. c4 Qd6 19. Rad1 Qc7 $11) 18... Qxc3 19. Qxf4 $44) 18. c4 Qc5 19.
Rad1 Rd6 20. Qf5 $1 {[%cal Gf5c5,Rd5g8] Droht 21.Bxf7# mit Damengewinn.} (20.
Qxf4 Rf6 21. Qe3 (21. Qd2 $14) 21... Qxe3 22. Rxe3 $14) 20... Kh8 $8 {[#]} 21.
Qxf7 $1 {Mit diesem schoenen Zug gewinnt Weiss den Bauern zurueck - wegen der
schlechten schwarzen Grundlinie - und er hat sehr gefaehrliche Initiative.} Rf6
22. Qxb7 $16 f3 23. Qb5 (23. g3 Nd4 24. Re3 $16) 23... Qd6 (23... Qxb5 24. cxb5
Nb4 25. Bxf3 Nxa2 26. Re3 $18) 24. c5 (24. Bxf3 Nd4 25. Qd5 Nxf3+ 26. Qxf3 Rxf3
27. Rxd6 Rxf2 28. Ra6 R2f7 29. c5 $16) (24. g3 $5 $16) 24... Qc7 25. Bxf3 {
Weiss hat schon zwei Bauern mehr, aber Schwarz hat seine Gegenchancen auf der
f-Linie.} (25. g3 $5) 25... Ne5 26. Be2 (26. Be4 Ng4 27. g3 Nxf2 $132) 26...
Rxf2 27. Rf1 Rxf1+ 28. Rxf1 Rb8 $1 29. Qb4 Nd7 {[%csl Rf2] Natuerlich 29...
Rxb4?? waere ganz schlecht wegen 30.Rf8#. Mit dem Textzug greift Schwarz den
c5-Bauern und die weisse Dame gleichzeitig an.} 30. Qc3 Qxc5+ 31. Qxc5 Nxc5 32.
Rf7 $14 {[%csl Ge2,Gf7][%mdl 4096] Das Material ist reduziert, aber Weiss hat
die Initiative: Bei Bauern auf beiden Fluegeln ist der Laufer bekanntlich
wirksamer als der Springer.} a5 33. Rf5 (33. Rc7) 33... Ne4 $2 (33... Rc8 $14)
34. Bd3 (34. Rxa5 Rb1+ 35. Bf1 Kg8 $11 {[%csl Gb1,Ge4]}) 34... g6 35. Rxa5 $16
{Weiss hat wieder einen Bauern mehr und wegen des a-Freibauern hat er gute
Gewinnchancen.} Nc3 36. a4 Rd8 37. Bf1 Rd1 38. Kf2 Kg7 39. Ra7+ Kf6 40. a5 Ra1
41. Bd3 (41. a6 Ne4+ 42. Ke3 Rxf1 43. Kxe4 Ra1 44. Kd5 Ra2 $14) 41... Nd5 42.
Bc4 Ke5 43. a6 (43. Bxd5 Kxd5 44. Rxh7 Rxa5 45. Re7 $14) 43... Nb6 44. Be2 Ra2
45. Re7+ (45. Rxh7 $6 Nd5 $132 {[%cal Rd5c3,Rd5f4]} 46. Kf3 Ra3+ 47. Kf2 Ra2)
45... Kf6 46. Rc7 (46. Re8 Nd5 47. Ke1 Ra1+ 48. Kd2 Ra2+ 49. Kc1 Nc7 50. Rc8
Nxa6 (50... Rxe2 51. Rxc7 Rxg2 52. Rc2 Rg5 53. Ra2 Rc5+ 54. Kd2 Rc8 55. a7 Ra8
56. Kc3 $18) 51. Rc6+ Kg7 52. Bxa6 Rxg2 $11) 46... Nd5 47. Rc6+ Ke5 $14 48. g3
Nb4 49. Rb6 Nd5 (49... Nd3+ 50. Ke3 $18) 50. Rb3 Nc7 51. Ke3 Nd5+ (51... Nxa6
$2 52. Rb5+ Kf6 53. Rb6+ $19 {[%cal Rb6a6,Rb6f6]}) 52. Kf3 g5 53. g4 (53. h3 h5
$132) 53... h5 54. gxh5 $2 (54. h3 $5) 54... g4+ $11 55. Kxg4 (55. Kg3 Rxe2 56.
Ra3 Ne3 57. a7 Rg2+ 58. Kh4 Kf4 59. Ra4+ Kf5 60. h3 Rh2 61. Rxg4 Ra2 62. Rg7
Kf6 $11) 55... Rxe2 56. a7 Nf6+ 57. Kf3 (57. Kf3 Ra2 58. Rb7 Ra3+ 59. Ke2 Nxh5
60. Rb5+ Kf6 61. Rxh5 Rxa7 $11) 1/2-1/2

[Event "ISR-ch"]
[Site "Ramat Aviv/Modiin"]
[Date "2000.12.27"]
[Round "10"]
[White "Postny, Evgeny"]
[Black "Huzman, Alexander"]
[Result "1/2-1/2"]
[WhiteElo "2434"]
[BlackElo "2574"]
[Annotator "Ribli,Z"]
[PlyCount "197"]
[EventDate "2000.12.17"]
[EventType "tourn"]
[EventRounds "11"]
[EventCountry "ISR"]
[EventCategory "11"]
[SourceTitle "CBM 081"]
[Source "ChessBase"]
[SourceDate "2001.03.20"]
[SourceVersion "1"]
[SourceVersionDate "2001.03.20"]
[SourceQuality "1"]

1. d4 Nf6 2. c4 e6 3. Nf3 d5 4. Nc3 dxc4 {Das ist die sogenannte Wiener
Variante des Damengambits, die zu lebendigem Spiel mit beiderseitigen Chancen
führt.} 5. Bg5 {Gewoenlich 5.e4 ist die prinzipielle Fortsetzung, aber der
Textzug ist auch gut spielbar.} Bb4 (5... c6 {Dieser Zug führt nach 6.e4 b5
zur Botwinnik-Variante.}) 6. e4 c5 7. Bxc4 cxd4 8. Nxd4 Bxc3+ 9. bxc3 Qa5 {
Auf den ersten Blick scheint Weiß großen positionellen Vorteil zu besitzen,
denn er hat Entwicklungsvorsprung und das Läuferpaar. Aber diese Variante
stellt ein Paradoxon im Schachspiel dar - in der praktischen Durchführung
zeigt sich, dass es Weiß nciht leicht fällt - wenn es ihm denn überhaupt
gelingt - seinen Vorteil zu demonstrieren..} 10. Bb5+ (10. Bxf6 gxf6 11. Bb5+)
10... Nbd7 11. Bxf6 Qxc3+ (11... gxf6 $6 12. O-O $16) 12. Kf1 gxf6 13. h4 {
[%cal Gh1h3,Gh3a3] Weiß kann nicht rochieren, er bringt seinen Turm daher über
h3 ins Spiel.} a6 (13... Ke7 14. Rh3 Qa5 15. Rb1 Rd8 16. Qc1 Qb6 17. Rd3 $44)
14. Rh3 Qb4 $5 {[%mdl 4] Dieser Zug wird seltener gespielt als die Alternative
14...Qa5.} (14... Qa5) 15. Be2 (15. Ba4 Ke7 16. Rb1 Qc4+ 17. Kg1 Nc5 18. Bb3
Nxb3 19. Rbxb3 Rd8 20. Rhd3 Bd7 21. Rxb7 Rac8 22. Nf5+ exf5 23. Rdxd7+ Rxd7 24.
Qxd7+ Kf8 25. Qxf5 Kg7 26. Rb3 {1/2-1/2 Nikolic,P-Greenfeld,A/Neum 2000/EXT
2001 (69)}) 15... O-O (15... Qd6 16. Qa4 $5 (16. Rc1 Nc5 17. Rhc3 b6 18. Nb3 $1
Qh2 19. Rh3 Qe5 20. Nxc5 bxc5 21. Rhc3 Qh2 22. Rh3 Qe5 23. Kg1 Bb7 24. Qa4+ Ke7
25. Qa3 Rhc8 26. Rhc3 {1-0 Akopian,V-Janjgava,L/Moscow (ol) 1994/Inf 62/
[Akopian,V] (40)}) 16... O-O 17. Rd1 Qe7 18. Qc2 Ne5 19. Qc1 Kh8 20. Qh6 Rg8
21. Rc3 Bd7 22. Rc7 Rg6 23. Qc1 f5 {[#]} 24. Nf3 Nxf3 25. Rdxd7 Qxh4 26. Bxf3
fxe4 27. g3 {1-0 Chernin,A-Hoelzl,F/Austria 1997/CBM 63 ext (27)}) 16. Rb1 Qd6
{Das ist die Idee des Zugs 14...Qb4. Die Dame ist gut zentralisiert auf d6.}
17. Qd2 Kh8 18. Rg3 {Droht 19.Qh6. Weiß hat aktives Figurenspiel. Schwarz
bleibt - wie so oft in dieser Variante - nur eine Verteidigung, aber die ist
gut genug, um alle Unannehmlichkeiten zu überstehen.} (18. Qh6 Rg8 19. Rd1 Qf8
20. Qe3 Qe7 21. h5 Ne5 22. Qf4 Bd7 23. Rb3 b5 24. Nf3 Bc6 25. Nxe5 fxe5 26.
Qxe5+ f6 27. Qf4 e5 28. Qh4 b4 29. Rxb4 Rg5 30. Rb6 Qc5 31. Rxa6 Rag8 32. g4
Qc2 33. Rxc6 Qxc6 34. f3 Ra8 {0-1 Ivanov,S-Kosyrev,V/Samara 2000/CBM 78 (50)})
18... Rg8 (18... Rd8 19. Bh5 $44 (19. Qh6 Qf8)) 19. Rbb3 Rxg3 (19... Rg6 20. h5
Rxg3 21. Rxg3 $44) 20. Rxg3 Qf8 $13 (20... b6 $13 {Droht 21...Bb7, und nach 22.
Qh6 hat Schwarz immer 22...Qf8.}) 21. e5 {Weiß opfert einen zweiten Bauern, er
möchte im Trüben fischen.} fxe5 (21... Nxe5 22. Qf4 Nd7 (22... Qd8 23. Qh6 Ng6
24. Nf3 {[%cal Rh4h5]} (24. h5 Qf8 25. Qe3 $44 (25. Rxg6 Qxh6 26. Rxh6 Kg7 $19
{[%csl Rh6]})) 24... b5 25. h5 Qf8 26. Qe3 (26. Rxg6 Qxh6 27. Rxh6 Kg7 $19 {
[%csl Rh6]}) 26... Ne7 $17) 23. Bd3 $44 (23. Qc7 $44)) 22. Nf3 {[%cal Gf3g5]}
f6 23. Bd3 {Weiß hat seine Figuren am Königsflügel konzentriert, aber noch
gibt es dort keine konkreten Drohungen.} Nc5 $17 {Es scheint, dass Schwarz hat
den Angriff abwehren und mit zwei Bauern mehr er hat grose Hoffnungen.} 24. Bb1
Bd7 25. Nxe5 $5 {Dieses unerwartete Opfer ist die einzige Chance für Weiß.} Be8
{Schwarz geht auf Nummer sicher und nimmt das Opfer nich an.} (25... fxe5 26.
Qg5 Bb5+ 27. Kg1 Nd7 28. Bxh7 $40 Kxh7 $2 29. Qg6+ Kh8 30. Qh5+ $18) 26. Ng4 {
Der Ne5 muss nun wieder wegziehen.} Rd8 27. Qc2 (27. Qc1 $17) 27... Bg6 28. Qc1
Bh5 29. Qc2 {Das ist ein indirektes Remisangebot - Weiß wäre - angeischts des
Minusbauern - mit Remis durch Zugwiederholung zufrieden.} Rd7 {[%csl Gd7] Der
Turm auf der 7. Reihe verteidigt die ganze Stellung.} 30. Kg1 Bxg4 31. Rxg4 Qd6
{[%cal Gd8d1] Der weiße Angriff ist überstanden - Schwarz hat einen Mehrbauern
und gutes Figurenspiel.} 32. Rc4 Qd1+ 33. Kh2 Qxc2 34. Bxc2 b6 {[%csl Gc5]
[%mdl 4096] Der Nc5 und der Rd7 stehen sehr aktiv.} 35. g4 h6 (35... Rd5 $17)
36. Kg3 Kg7 37. f4 Rd2 38. g5 {Weiß verfolgt eine gute Verteidigungsstrategie
- er strebt Reduzierung des Materials durch Vereinfachungen an.} Rd5 (38...
fxg5 39. hxg5 hxg5 40. fxg5 e5 $15) 39. Be4 Rd1 (39... Nxe4+ 40. Rxe4 $15) 40.
Bc2 Rg1+ 41. Kh2 Re1 (41... Ra1 $5 42. a4 a5 $17) 42. Rc3 Rf1 43. Rc4 Rf3 {
Da Schwarz keinen konkreten Gewinnplan hat, spielt er ein paar Wartezüge.} 44.
Kg2 Re3 45. Kh2 (45. Kf2 Ra3 46. Bb1 Rh3 47. gxh6+ Kxh6 48. f5 e5 $17) 45... e5
{Dieser Zug führt zu Vereinfachungen, doch auf anderem Wege gibt es kaum ein
Weiterkommen.} 46. gxh6+ Kxh6 47. fxe5 fxe5 48. Rg4 {[%cal Rg4g6,Rg6h6,Rg6b6]}
Ra3 (48... e4 $6 49. Rg3 Re2+ 50. Rg2 Rxg2+ 51. Kxg2 $15 {Weiß spielt Kf2-Ke3
und gewinnt den Pe4, denn der schwarze König ist an den weißen h-Bauern
gebunden.}) 49. Bb1 Kh5 $6 (49... e4 $5 $17) 50. Rg5+ Kxh4 51. Rxe5 {Schwarz
hat einen Mehrbauern und aktive Figuren, aber da das Material reduziert ist,
hat Weiß Remischancen.} Ra4 {Schwarz droht 52...Rb4 zu spielen oder mit 52...
Rg4 den weißen König abzuschneiden.} 52. Re2 Rb4 53. Bh7 Rg4 54. Rg2 Na4 (54...
Rxg2+ 55. Kxg2 $15) 55. Bf5 (55. Rxg4+ Kxg4 56. Kg2 Nc3 57. Bg8 Kf4 58. Kf2 Ke4
$19 {[%csl Rf2]}) 55... Rf4 56. Be6 Nc3 57. Kg1 {Weiß möchte mit dem König den
Damenflügel erreichen. Interessanter Weise ist jetzt auch der schwarze König
ausgeschlossen.} b5 58. Rc2 Rf3 (58... b4 $6 59. a3 $15) 59. Kg2 Re3 60. Bc8 a5
61. Kf2 Nd1+ 62. Kf1 Ra3 (62... Kg3 63. Rg2+ Kf4 64. Rg4+ Kf3 (64... Ke5 $2 65.
Rg5+ $11) 65. Rg7 Nc3 $17) 63. Ke1 $15 Nc3 64. Be6 Ne4 (64... Kg3 65. Kd2 Ne4+
66. Kc1 $15) 65. Kd1 a4 66. Kc1 {[%csl Gc1]} Re3 67. Bd7 Re1+ (67... a3 68.
Rh2+ $11) (67... Nc3 68. Kd2 Re7 $11) 68. Kb2 Nd6 69. Bxb5 $1 {Das ist eine
bekannte Verteidigungsmethode - Weiß gibt den Läufer für die beiden Bauern.}
Nxb5 70. Rc4+ Kg3 71. Rxa4 $11 {Die Stellung ist thoretisch Remis. Man kann
zwar noch weiter spielen, aber es ist kaum vorstellbar, dass Weiß dieses
Endspiel noch verlieren sollte.} Kf3 72. Rb4 Nd6 73. Rd4 Ne4 74. a4 {Der weiße
a-Bauer ist bedeutungslos, die Stellung ist theoretisch Remis, ob mit oder
ohne a-Bauern.} Ke3 75. Rd8 Rh1 76. Kb3 Rh4 77. Re8 {Das ist eine einfache und
gute Verteidigung - der Turm fesselt den Springer.} Kd4 78. Rd8+ Kc5 79. Rc8+
Kb6 80. Rb8+ Kc6 81. Rc8+ Kb7 82. Rc2 Kb6 83. a5+ Kb5 84. a6 Rh3+ 85. Kb2 Kxa6
86. Rc4 Re3 87. Rb4 {[%cal Gb4b8] Jetzt ist der schwarze König abgeschnitten.
Weiß muss jetzt "nur" noch 50 Züge überleben - so lautet die FIDE-Regel.} Ka5
88. Rb8 Ka4 89. Kc2 Nd6 90. Kd2 Nc4+ 91. Kc2 Rh3 92. Rb7 Na3+ 93. Kd2 Nb5 94.
Rd7 Kb4 95. Rd3 Rh4 96. Ke3 Kc4 97. Rd8 Nd4 98. Rd7 Ne6 99. Rd6 {Und endlich
einigte man sich auf Remis. Es gibt nur wenige spezielle Stellungen - mit
passiver Königsstellung des Verteidigers - in denen der Spieler mit R+N reelle
Gewinnchancen besitzt.} 1/2-1/2

[Event "RUS-ch 56th"]
[Site "Krasnoyarsk"]
[Date "2003.09.08"]
[Round "5"]
[White "Bocharov, Dmitry"]
[Black "Landa, Konstantin"]
[Result "1-0"]
[WhiteElo "2526"]
[BlackElo "2614"]
[Annotator "Ribli,Z"]
[PlyCount "73"]
[EventDate "2003.09.03"]
[EventType "swiss"]
[EventRounds "9"]
[EventCountry "RUS"]
[SourceTitle "CBM 098"]
[Source "ChessBase"]
[SourceDate "2004.02.03"]
[SourceVersion "1"]
[SourceVersionDate "2004.02.03"]
[SourceQuality "1"]

1. d4 Nf6 2. Nf3 d5 3. c4 e6 4. Nc3 dxc4 {Grossmeister Landa spielt gewöhnlich
die Ragozin Variante mit Schwarz, jetzt probiert er die Wiener Variante aus.}
5. e4 Bb4 6. Bg5 c5 7. Bxc4 cxd4 8. Nxd4 Bxc3+ {Dieser Tausch ist die
gewöhnliche Fortsetzung, aber 8...Qa5 ist auch möglich.} 9. bxc3 Qa5 10. Bb5+ {
Dieser Zug bietet Weiß die beste Chancen für eiene Eröffnungsvorteil.} Bd7 (
10... Nbd7) 11. Bxf6 gxf6 12. Qb3 O-O 13. O-O Qb6 14. Rfd1 $5 {Das ist die
letzte Wort der Eröffnungstheorie. In CBM96 (theoretischer Artikel) empfahl
ich diesen Turmzug. Die Idee des Turmzugs 14.Rfd1!? ist, dass Weiß später - in
der Variante, wo Schwarz 15..Qxb3 spielt(siehe Anmerkung - 15...Qxb3), 16.axb3
spielen kann und - der Turm kann auf a1 aktiv stehen.} (14. Rad1 Nc6 (14...
Bxb5 15. Nxb5 a6 16. Nd6 Qxb3 17. axb3 b5 18. c4 {1-0 Szeberenyi,A-Pilgaard,K/
Budapest 2002/EXT 2003 (44)}) 15. Bxc6 Qxb3 $1 16. axb3 Bxc6 17. f3 Rfc8 18.
Rf2 a5 {1/2-1/2 Atalik,S-Maksimenko,A/Lvov 2000/EXT 2002/[Atalik] (18)}) (14.
Rab1 Bxb5 15. Nxb5 a6 16. Nd4 Qxb3 17. Rxb3 b5 18. c4 Rd8 19. Nf3 Nd7 20. cxb5
Nc5 21. Rb4 Nd3 {1/2-1/2 Delchev,A-Beliavsky,A/Moscow 2001/CBM 86 (47)}) (14.
Be2 Rc8 15. Qd1 Qc5 16. Rb1 b6 17. Kh1 Nc6 18. Nb3 Qe7 19. f4 Kh8 20. Bf3 Be8 {
1/2-1/2 Cramling,P-Zayac,E/New Delhi 2000/CBM 79 ext (48)}) (14. a4 Rd8 15. Qa3
Bxb5 16. axb5 Nd7 17. Rfe1 Qc5 18. Qc1 Kh8 19. Re3 Rg8 20. Rh3 Rg6 21. Rg3 Ne5
22. Qf4 Rag8 23. Rxg6 Rxg6 24. Qe3 Nc4 25. Qd3 Ne5 26. Qe3 Nc4 27. Qd3 Ne5 {
1/2-1/2 Gelfand,B-Ivanchuk,V/Monte Carlo 1999/CBM 69 ext (27)}) 14... Nc6 15.
Bxc6 $1 {[%mdl 4] Das war meine Vorschlag in CBM 96! Im Folgenden bekommt Weiß
bessere Aussichten. Der Textzug ist viel chancenreicher, als die Alternative
15.Rab1.} (15. Rab1 Nxd4 16. cxd4 Qxb5 17. Qxb5 Bxb5 18. Rxb5 b6 19. f3 Rac8
20. Rd2 Rfd8 {1/2-1/2 Ovod,E-Zaiatz,E/Elista RUS 2003/The Week in Chess 446 
(29)}) 15... Bxc6 (15... bxc6 16. Qa3 $16) (15... Qxb3 16. axb3 Bxc6 17. Nxc6
$14 {[%csl Ga1,Gd1][%cal Ga1a7,Gd1d7]}) 16. Qc2 $1 $36 {[%csl Gc2][%cal Gc2d2,
Gd2h6,Gc2e2,Ge2h5] Weiß vermeidet den Damentausch und die Dame zielt auf den
schwarzen Königsflügel.} Rac8 (16... Rfd8 17. Qe2 Qc5 18. Rd3 $40) 17. Qe2 Qc5
18. Rab1 (18. Rd3 $5 $14) 18... Kh8 {Schwarz stellt seinen König in
Sichercheit, wonach er auch Rg8 spielen kann.} (18... Qxc3 $2 19. Qg4+ Kh8 20.
Qh4 Kg7 21. Rb3 $18) 19. Rd3 {[%cal Gd3h3,Gb1d1,Gd1d8] Der d3R kann auf der
dritten Reihe ins Spiel kommen und die andere Idee des Turmzugs ist die
Doppelungsmöglichkeit auf der d-Linie.} Rg8 20. g3 Rgd8 (20... Rg6 $5) 21. Qf3
Kg7 22. Rbd1 {[%cal Gd1d8] Droht 23.Nxe6# mit Qualitätsgewinn.} Qa5 $2 {
Es ist logisch - auf dem ersten Blick - , dass Schwarz den d8-Turm im Falle
von 23.Nxe6+ verteidigt, aber die Partiefortsetzung verliert eigentlich einen
Bauern.} (22... Rf8 $14) 23. Qg4+ Kh8 (23... Qg5 24. Nxe6+ $18) 24. Nxc6 (24.
Nf5 $5 Rg8 (24... exf5 25. Qxf5 $1 $18) 25. Qh4 Rg5 (25... exf5 26. Qxf6+ Rg7
27. Rd8+ $18) (25... Rg6 26. Ne7 $18) 26. Ne7 Re8 27. Qh6 $18) 24... bxc6 25.
Qh4 $1 $16 {[%mdl 128]} Rxd3 (25... Kg7 26. e5 $1 $18 {[%csl Rf6][%cal Gh4d8,
Gd1d8]}) 26. Qxf6+ Kg8 27. Rxd3 Qxa2 28. Rf3 Qb1+ (28... Rf8 29. Rf4 $18 {
[%cal Rf4g4,Rg4g8]}) 29. Kg2 Qxe4 30. Qxf7+ Kh8 31. Qxa7 {Weiß hat einen
Bauern mehr und was auch wichtig ist, dass die schwarze Königsstellung sehr
schwach ist.} Rg8 (31... Rf8 32. Qd4+ $1 Qxd4 33. Rxf8+ Kg7 34. cxd4 Kxf8 35.
Kf3 $18) 32. Qe7 (32. Qe3 Qxe3 (32... Qd5 33. c4 Qd6 (33... Qxc4 34. Qe5+ $18)
34. Rf7 $18) 33. Rxe3 Re8 34. Re5 $16) 32... h6 33. h4 Rg7 34. Qf6 Kh7 {
Mit diesem Zug befreit Weiß seinen Turm aus der Fesselung.} 35. Kh2 $18 Qg6 36.
Qf8 (36. Qe5 $18) 36... e5 37. Rf6 1-0

[Event "Belgrade GMA op"]
[Site "Belgrade"]
[Date "1988.??.??"]
[Round "?"]
[White "Cebalo, Miso"]
[Black "Bykhovsky, Avigdor"]
[Result "0-1"]
[WhiteElo "2510"]
[BlackElo "2445"]
[Annotator "Ribli,Z"]
[PlyCount "40"]
[EventDate "1988.12.??"]
[EventType "swiss"]
[EventRounds "9"]
[EventCountry "YUG"]
[SourceTitle "TD"]
[Source "ChessBase"]
[SourceDate "1994.03.01"]
[SourceVersion "1"]
[SourceVersionDate "1994.03.01"]
[SourceQuality "1"]

1. d4 Nf6 2. Nf3 d5 3. c4 e6 4. Nc3 dxc4 5. e4 Bb4 6. Bg5 c5 7. e5 cxd4 8. Qa4+
Nc6 9. O-O-O Bd7 10. exf6 gxf6 11. Nxd4 Bxc3 (11... fxg5 12. Nxc6 Bxc3 13. Qxc4
Qf6 {-/+}) 12. bxc3 fxg5 13. Nb5 (13. Qxc4 Qf6 14. Nb5 O-O {-/+}) 13... O-O 14.
h4 Ne5 15. Qc2 Qf6 16. Nd6 gxh4 17. Rd4 Ng6 18. Bxc4 Bc6 19. f3 Rad8 20. Rhd1
Rxd6 0-1